000 00376nam a2200121Ia 4500
008 250110s9999 xx 000 0 und d
041 _aeng
100 _aGoswami Ragini
_9182272
245 _aReducing Environmental Impact by Use of Alternative Building Materials
260 _bM.Arch Environmental, Pune
_c2012
300 _a98p
700 _aGuide Name:Gujrathi Anshul
_9209942
999 _c363134
_d363134